000 00738nam a22002297a 4500
999 _c166058
_d166058
005 20190711165506.0
010 _aB-100379
020 _a818851019X
_c140.00
035 _aB-100379
037 _bBPPD/Ven.
_adpl
082 _a847
100 _aفکر تو نسو ی
245 _aپيا ز کے چھلکے
_cفکر تو نسو ی
_hUrdu
246 _aPiyaz ke Chilke (Urdu)
_bbyFikar Tonsvi
260 _aN.Delhi 110005
_bAhluwalia Book Depot
_c2004
270 _a9988,New Rohtak Road ,Sarai Rohilla,
300 _a264ص
_c22cm(Hb)
490 _aJaico illustrated classics series
942 _2ddc
_cUR
_mف ک ر
_h847